PHP Microservices /

Transit from monolithic architectures to highly available, scalable, and fault-tolerant microservices About This Book Build your own applications based on event-driven microservices and set them up on a production server. Successfully transform any monolithic application into a microservice. Monitor...

Full description

Bibliographic Details
Main Authors: Sánchez, Carlos (Author), Vilariño, Pablo (Author)
Corporate Author: Safari, an O'Reilly Media Company
Format: eBook
Language:English
Published: Packt Publishing, 2017.
Edition:1st edition.
Subjects:
Online Access:Connect to this electronic resource

MARC

Tag First Indicator Second Indicator Subfields
LEADER 00000uam a2200000 a 4500
001 in00004256721
005 20260128220758.0
006 m o d
007 cr cn
008 310317s2017 xx o eng
020 |z 9781787125377 
020 |z 9781787124035 
035 |a (CaSebORM)9781787125377 
040 |d UtOrBLW 
041 0 |a eng 
100 1 |a Sánchez, Carlos,  |e author.  |0 http://id.loc.gov/authorities/names/n88101722 
245 1 0 |a PHP Microservices /  |c Sánchez, Carlos. 
250 |a 1st edition. 
264 1 |b Packt Publishing,  |c 2017. 
300 |a 1 online resource (392 pages) 
336 |a text  |b txt  |2 rdacontent 
337 |a computer  |b c  |2 rdamedia 
338 |a online resource  |b cr  |2 rdacarrier 
347 |a text file 
520 |a Transit from monolithic architectures to highly available, scalable, and fault-tolerant microservices About This Book Build your own applications based on event-driven microservices and set them up on a production server. Successfully transform any monolithic application into a microservice. Monitor the health of your application, prevent downtime, and reduce costs. Who This Book Is For PHP developers who want to build scalable, highly available, and secure applications will find this book useful. No knowledge of microservices is assumed. What You Will Learn Set up a development environment using the right strategies and tools. Learn about application design and structure to start implementing your application. Transform a monolithic application into microservices. Explore the best way to start implementing your application using testing. Understand how to monitor your microservices, handle errors, and debug the application. Deploy your finished application into a production environment and learn how to solve common problems. Know how to scale your application based on microservices once it is up?and-running. In Detail The world is moving away from bulky, unreliable, and high-maintenance PHP applications, to small, easy-to-maintain and highly available microservices and the pressing need is for PHP developers to understand the criticalities in building effective microservices that scale at large. This book will be a reliable resource, and one that will help you to develop your skills and teach you techniques for building reliable microservices in PHP. The book begins with an introduction to the world of microservices, and quickly shows you how to set up a development environment and build a basic platform using Docker and Vagrant. You will then get into the different design aspects to be considered while building microservices in your favorite framework and you will explore topics such as testing, securing, and deploying microservices. You will also understand how to migrate a monolithic application to the microservice architecture while keeping scalability and best practices in mind. Furthermore you will get into a few important DevOps techniques that will help you progress on to more complex domains such as native cloud development, as well as some interesting design patterns. By the end of this book you will be able to develop applications based on microservices in an organized and efficient way. You will also gain the knowledge to transfor... 
533 |a Electronic reproduction.  |b Boston, MA :  |c Safari,  |n Available via World Wide Web. 
538 |a Mode of access: World Wide Web. 
542 |f Copyright © Packt Publishing 
588 |a Online resource; Title from title page (viewed March 29, 2017) 
500 |a Electronic resource. 
655 7 |a Electronic books.  |2 local 
700 1 |a Vilariño, Pablo,  |e author. 
710 2 |a Safari, an O'Reilly Media Company. 
856 4 0 |u https://proxy.library.tamu.edu/login?url=https://go.oreilly.com/TAMU/library/view/-/9781787125377/?ar  |z Connect to this electronic resource  |t 0 
999 f f |s 683348ec-1aff-3c1d-97e2-ad61f5756d93  |i d03ee043-5cf1-3cbf-9523-d7874020b367  |t 0 
952 f f |a Texas A&M University  |b College Station  |c Electronic Resources  |s www_evans  |d Available Online  |t 0  |h No information provided 
998 f f |t 0  |l Available Online